000
00351nam a2200133 a 4500
005
20140414093847.0
008
100616s19uu xx uuu eng d
050
_a
CDR 899.2103
_b
RIZ #12
100
_a
Rizal, Jose
245
_a
Noli me tangere :
_b
pasko at ang bagong taon (12) /
_c
Jose Rizal.
260
_c
c2009.
942
_c
AVM
999
_c
109671
_d
109671